000 01252nac a22004570a 4500
001 PT35260
003 AR-LpoUNG
005 20260115122606.0
008 201001s2009||||ag |||||||||||||||||spa d
020 _a9789876300599
_c$12
040 _aAR-LpoUNG
_bspa
_eaacr
041 _aspa
044 _aag
082 0 _a507 195v1
100 1 _aCampero, Agustín
_ecoor.
245 1 0 _aMateadas científicas I :
_bmuseo interactivo
250 _a1ra. ed.
260 _aBuenos Aires :
_bUniversidad Nacional de General Sarmiento,
_c2009.
300 _a307 p. :
_bil., tbls., gráfs.
490 0 _aMateadas científicas
650 4 _aASTRONOMIA
650 4 _aCAMBIOS CLIMATICOS
650 4 _aCIENCIA Y TECNOLOGIA
650 4 _aCIENCIAS
650 4 _aCIENCIAS NATURALES
650 4 _aCONOCIMIENTO
650 4 _aECONOMIA
650 4 _aFILOSOFIA
650 4 _aFISICA
650 4 _aINTERNET
650 4 _aINVESTIGACION
650 4 _aINVESTIGACION Y DESARROLLO
650 4 _aMATEMATICAS
650 4 _aMEDIO AMBIENTE
650 4 _aPROTECCION AMBIENTAL
650 4 _aQUIMICA
700 1 _aRomanelli, Lilia
_ecoor.
710 2 _aUniversidad Nacional de General Sarmiento (Buenos Aires)
905 _a35260
942 _cLIB
_2ddc
999 _c49247
_d49247